=LDR 00000nam 2200000 4500 =001 INLIS000000000022787 =005 20130612121517 =008 ***********************************Ind** =035 ##$$0010-061300000022787 =041 ##$$a Ind =082 ##$$a 641.5 =090 ##$$a 641.5, lil k =100 ##$$a Lilyana =245 ##$$a Kreasi baru roti taiwan, lilyana =260 ##$$a 2005 $b Jakarta =300 ##$$a 64 hlm, ilus, 21 cm =650 ##$$a Masakan =850 ##$$a NBPNMAT